La construcción colectiva de significados : el docente, los otros y los tatuajes sociales /

Zapisane w:
Opis bibliograficzny
1. autor: Thome Ontiveros, María Teresa (autor)
Format: Praca dyplomowa Książka
Język:hiszpański
Hasła przedmiotowe:
Etykiety: Dodaj etykietę
Nie ma etykietki, Dołącz pierwszą etykiete!

MARC

LEADER 00000nam^a2200000^a^4500
001 000171373
005 20250521000000.0
009 20260310101341.642
037 |a Acervo ITESO - Biblioteca 
041 |a ESP 
090 |a MEC. 5 
100 |a Thome Ontiveros, María Teresa  |e (autor) 
245 1 3 |a La construcción colectiva de significados :  |b el docente, los otros y los tatuajes sociales /  |c M.T. Thome Ontiveros. 
264 |a Guadalajara, México :  |b edición de autor,  |c 2004 
300 |a 1 disco compacto de computadora 
336 |a datos para computadora  |b cod  |2 rdacontenido 
337 |a computadora  |b c  |2 rdamedio 
338 |a disco de computadora  |b cd  |2 rdasoporte 
502 |a ITESO Tesis de Maestría en Educación y Procesos Cognoscitivos 
649 |a XX 
650 |a Profesores 
650 |a Conversaciones 
650 |a Proceso de Comunicación -  |x Estudios de Caso 
650 |a Conducta Grupal 
650 |a Formación y Capacitación de Profesores 
650 |a Competencia Comunicativa 
650 |a Educación 
910 |a Fondo General 
920 |a Electrónicos - Tesis del ITESO en Disco 
905 |a 202 
901 |a 0500108911  |b IT2  |c STS  |u 20250521 
902 |a https://opac.biblio.iteso.mx/vufind/Record/000171373